Band dalla a-z: facile - Statistics

Statistiche generali
  • Questo quiz è stato fatto 185 volte
  • Il punteggio medio è 12 su 26
Statistiche sulle risposte
Canzone Band % Corretto
Yellow submarine B Beatles
95%
We are the champions Q Queen
94%
Highway the Hell A AC DC
84%
Smell like teen spirit N Nirvana
83%
Wonderwall O Oasis
82%
Sweet child o' Mine G Guns N' Roses
75%
Another brick in the wall P Pink Floyd
75%
The final Countdown E Europe
71%
With or without you U U2
66%
Stairway to Heaven L Led Zeppelin
61%
Smoke on the water D Deep Purple
57%
Should I stay or should I go C Clash
47%
Jump V Van Halen
41%
Billie Jean M Micheal Jackson
31%
Rosanna T Toto
31%
Fear of the Dark I Iron Maiden
30%
Blitzkrieg bop R Ramones
30%
The pretender F Foo Fighters
29%
My generation W Who
29%
Shout It out loud K Kiss
24%
Sharp depressed man Z ZZ Top
18%
Virtual Insanity J Jamiroquai
17%
Renegades X X Ambassadors
14%
Owner of a lonely heart Y Yes
14%
I want out H Helloween
10%
Holiday in the Sun S Sex Pistols
7%
Nessun quiz corrispondente trovato
Distribuzione punteggi
Percentuale di utenti per punteggio
Percentile per numero di risposta
I tuoi punteggi nel tempo
Non hai fatto questo quiz